|
|
|
|
| LEADER |
00589cam a2200205 a 4500 |
| 001 |
0000039760 |
| 005 |
19990512090000.0 |
| 040 |
|
|
|a mod
|
| 041 |
|
|
|a eng
|
| 020 |
0 |
0 |
|a 0155619268
|
| 090 |
0 |
0 |
|a 407.6
|b VAL
|
| 100 |
1 |
0 |
|a VALETTE
|h Rebecca M
|
| 245 |
1 |
0 |
|a Modern language testing
|c Rebecca M. Valette
|
| 250 |
0 |
0 |
|a 2nd edition
|
| 260 |
0 |
0 |
|a New York
|b Harcourt brace Jovanovich
|c 1977
|
| 300 |
0 |
0 |
|a xiv, 349p.
|b ill.
|c 23cm
|
| 504 |
0 |
0 |
|a Bibliography: pg. 335-336
|
| 650 |
0 |
0 |
|a Language, modern
|x Examinations
|
| 852 |
0 |
0 |
|a 01
|
| 999 |
|
|
|a 0044741
|b KEMENTAH
|d BOOKS
|e Rujukan
|f Perpustakaan KEMENTAH
|j AVAILABLE
|q OLD
|